00624nam a2200229 a 4500001001300000003000900013005001700022008004100039020001000080082001500090100002000105245004000125260002300165300000900188500003500197505001000232650002700242902000800269942000700277952009500284999001500379nice12345678IN_TiNIC20260116011438.0050524s1931 lona grp 000 0 eng  ac10000a232.9bGAI aGairdner, W H T aBook of Instruction for Catechumens aLondonbSpckc1931 a168p aincludes index and biblioraphy2 aindex aJesus Christ-Biography bSRS cBK 00104070aHMIbHMId2007-06-18g100.00l0o232.9 GAIp1302r2007-06-18w2026-01-16yARB c1604d1604